La pintura como arte

Gardado en:
Detalles Bibliográficos
Autor Principal: Wollheim, Richard (Author)
Formato: Libro
Idioma:Lingua castelá
Publicado: Madrid Visor 1997
Series:La Balsa de la Medusa, 84
Subjects:
Tags: Engadir etiqueta
Sen Etiquetas, Sexa o primeiro en etiquetar este rexistro!

MARC

LEADER 00000nam a2200000 a 4500
001 UCI5553
003 CL-VaPUC
008 080404e19970000SP |||||||||||||||||spa|d
020 |a 8477745846 
082 0 4 |a 750.19  |b WOL  |2 21 
100 0 |a Wollheim, Richard  |e author  |9 528003 
245 1 3 |a La pintura como arte 
300 |a 483 p 
942 |c BK 
945 |d 20080404 00:00:00  |a rbrito 
260 |a Madrid  |b Visor  |c 1997 
650 0 |a Pintura  |9 265046 
650 0 |a Percepción   |9 266750 
650 0 |a Filosofía del arte  |9 264951 
650 0 |a Estética   |9 264950 
650 0 |a Iconografía   |9 267998 
583 |a last modification  |c 20121001 12:35:18  |k Rodrigo Vera 
490 0 |a La Balsa de la Medusa, 84 
999 |c 329294  |d 329292 
952 |0 0  |1 0  |4 0  |6 750_190000000000000_WOL_1997  |7 0  |8 A  |9 413677  |a BIBHIS  |b BIBHIS  |d 2019-11-22  |i 4423666  |l 4  |m 4  |o 750.19 WOL 1997  |p 4423666  |r 2025-01-20  |s 2024-09-03  |w 2019-11-22  |y BK  |k HIS